V. cyrilometodský deň

Bibliographic Details
Main Author: Martinický, Dávid (Author)
Format: Article
Language:Slovak
PhysicalDescription:Fotogr.
ISSN:1335-4477
Subjects:

MARC

LEADER 00000nab a2200000 a 4500
001 vtls008688748
003 SK-MaSNL
005 20260304171944.0
008 140303c2005 xo wrzp 0 0slo
015 |a SNBRB2006/03  |2 snkbucl 
040 |a SNKBUCL  |b slo  |c SNKBUCL  |e AACR2 
041 0 |a slo 
044 |a xo  |c SK 
080 |a 616-083.98:061.3  |2 1997 
080 |a 615.035.9:061.3  |2 1997 
080 |a 616.831-001:061.3  |2 1997 
100 1 |a Martinický, Dávid  |4 aut  |9 871343 
245 1 0 |a V. cyrilometodský deň  |c Dávid Martinický 
246 3 |a Piaty cyrilometodský deň 
300 |b Fotogr. 
611 2 7 |a Cyrilometodský deň  |n (5. :  |d 2005 :  |c Bratislava, Slovensko)  |2 snkbucl  |9 97335 
650 0 7 |a stavy urgentné  |2 snkbucl  |9 1501005 
650 0 7 |a poranenia  |2 SNKPH  |9 1162 
650 0 7 |a neurológia  |2 snkbucl  |9 908 
650 0 7 |a poškodenie mozgu  |2 snkbucl  |9 1213474 
650 0 7 |a urgentná medicína  |x kongres  |y 8.11.2005  |2 snkbucl  |9 1501006 
650 0 7 |a úrazy  |2 SNKPH  |9 123733 
650 0 7 |a hlava  |2 SNKPH  |9 2481 
773 0 |t Zdravotnícke noviny  |g Roč. X, č. 46 (2005)  |x 1335-4477 
773 0 8 |t Lekárske listy  |g Č. 46 (2005), s. 18-19 
852 |a SNK  |b KIS3GCP 
958 |a ME 
958 |a SK 
999 |c 2995698  |d 2997628